Loading...
Fine Arts - Classical Music | 0 | 3 | 0 | 1 | 30 | 99 | 123.00 | 0 | 0 |
Religion | 0 | 3 | 1 | 0 | 25 | 87 | 103.00 | 0 | 2 |
History - American History | 0 | 2 | 0 | 1 | 20 | 125 | 127.00 | 0 | 0 |
History - Other History | 0 | 2 | 0 | 1 | 20 | 51 | 85.50 | 0 | 1 |
History - European History | 0 | 2 | 0 | 2 | 20 | 126 | 133.00 | 0 | 0 |
Science - Other Science | 0 | 2 | 0 | 1 | 20 | 101 | 112.50 | 0 | 0 |
Science - Chemistry | 0 | 2 | 1 | 1 | 15 | 115 | 121.50 | 0 | 0 |
History - World History | 0 | 1 | 0 | 1 | 10 | 135 | 135.00 | 0 | 0 |
Literature - European Literature | 0 | 1 | 0 | 0 | 10 | 59 | 59.00 | 1 | 1 |
Social Science | 0 | 1 | 1 | 0 | 5 | 98 | 98.00 | 0 | 1 |
Geography/Current Events | 0 | 1 | 2 | 0 | 0 | 72 | 72.00 | 0 | 1 |
Science - Physics | 0 | 0 | 0 | 0 | 0 | 0.00 | 0 | 0 | |
Fine Arts - Other Fine Arts | 0 | 0 | 0 | 0 | 0 | 0.00 | 0 | 0 | |
Philosophy | 0 | 0 | 1 | 0 | -5 | 0.00 | 0 | 0 | |
Literature - British Literature | 0 | 0 | 1 | 0 | -5 | 0.00 | 0 | 0 |